<?xml version="1.0" encoding="UTF-8"?>
<marc:record xmlns:marc="http://www.loc.gov/MARC21/slim">
   <marc:leader>00000nam a2200000 a 4500</marc:leader>
   <marc:datafield ind1="1" ind2=" " tag="100">
      <marc:subfield code="a">Schnitzler, Arthur</marc:subfield>
      <marc:subfield code="4">aut</marc:subfield>
      <marc:subfield code="e">Verfasser/-in</marc:subfield>
   </marc:datafield>
   <marc:datafield ind1="1" ind2=" " tag="100">
      <marc:subfield code="a">Samel, Udo</marc:subfield>
   </marc:datafield>
   <marc:datafield ind1="0" ind2="0" tag="245">
      <marc:subfield code="a">Später Ruhm</marc:subfield>
   </marc:datafield>
   <marc:datafield ind1="0" ind2="0" tag="245">
      <marc:subfield code="c">Arthur Schnitzler</marc:subfield>
   </marc:datafield>
   <marc:datafield ind1=" " ind2="1" tag="264">
      <marc:subfield code="a">Hamburg</marc:subfield>
      <marc:subfield code="b">Hörbuch Hamburg</marc:subfield>
      <marc:subfield code="c">2014</marc:subfield>
   </marc:datafield>
   <marc:datafield ind1="1" ind2=" " tag="520">
      <marc:subfield code="a">Angaben aus der Verlagsmeldung

Später Ruhm : 3 CDs / von Arthur Schnitzler

Sp&amp;auml;ten Ruhm erf&amp;auml;hrt Eduard Saxberger in vorger&amp;uuml;cktem Alter. Ein junger Mann sucht ihn auf und gibt sich als Leser der Wanderungen zu erkennen, jenes Bandes, mit dem Saxberger einst f&amp;uuml;r Furore sorgte; der Verehrer l&amp;auml;dt ihn ein in den Schriftstellerverein "Begeisterung", deren Mitgliedern er als Vorbild gilt. Zuerst besch&amp;auml;mt, an das Vergangene erinnert zu werden, dann fasziniert von den hitzigen Debatten um die wahre Kunst, schlie&amp;szlig;t sich Saxberger den jungen Literaten an. Er stimmt sogar zu, dass eine attraktive Schauspielerin seine Texte rezitiert. Noch einmal Neues zu schreiben, bemerkt er jedoch, schafft er nicht mehr. Ein Jahr nach dem Erfolg von "Anatol" und ein Jahr vor dem endg&amp;uuml;ltigen Durchbruch mit "Liebelei" werden in diesem fr&amp;uuml;hen Portr&amp;auml;t der literarischen Boh&amp;egrave;me die &amp;Auml;ngste und Zweifel des 32-j&amp;auml;hrigen Arthur Schnitzler sichtbar.
</marc:subfield>
   </marc:datafield>
   <marc:datafield ind1=" " ind2=" " tag="020">
      <marc:subfield code="a">9783899038460</marc:subfield>
      <marc:subfield code="9">9783899038460</marc:subfield>
   </marc:datafield>
   <marc:datafield ind1=" " ind2=" " tag="020">
      <marc:subfield code="a">3899038460</marc:subfield>
      <marc:subfield code="9">3899038460</marc:subfield>
   </marc:datafield>
   <marc:datafield ind1=" " ind2=" " tag="300">
      <marc:subfield code="a">3 CDs (ca. 200 Min.)</marc:subfield>
   </marc:datafield>
</marc:record>
